<?xml version="1.0" encoding="utf-8"?>
<?xml-stylesheet type='text/xsl' href='./oai2.xsl'?>
<OAI-PMH xmlns="http://www.openarchives.org/OAI/2.0/" xmlns:xsi="http://www.w3.org/2001/XMLSchema-instance" xsi:schemaLocation="http://www.openarchives.org/OAI/2.0/ http://www.openarchives.org/OAI/2.0/OAI-PMH.xsd">
  <responseDate>2026-06-06T23:36:59Z</responseDate>
  <request verb="GetRecord" metadataPrefix="marcxml" identifier="record_kuniweb_1354909">https://kulturerbe.niedersachsen.de/oai</request>
  <GetRecord>
    <record>
      <header>
        <identifier>record_kuniweb_1354909</identifier>
        <datestamp>2024-02-22T10:22:04Z</datestamp>
        <setSpec>slg0242</setSpec>
      </header>
      <metadata>
        <marc:record xmlns:marc="http://www.loc.gov/MARC21/slim" xsi:schemaLocation="http://www.loc.gov/MARC21/slim http://www.loc.gov/standards/marcxml/schema/MARC21slim.xsd">
          <marc:leader>12345nrm  22     uu 4500</marc:leader>
          <marc:controlfield tag="001">1354909</marc:controlfield>
          <marc:controlfield tag="003">http://kuniweb.gbv.de</marc:controlfield>
          <marc:controlfield tag="005">2021-06-22T12:20:22</marc:controlfield>
          <marc:controlfield tag="008">|           ||||||||||||||||||||||</marc:controlfield>
          <marc:datafield tag="245" ind1="1" ind2="0">
            <marc:subfield code="a">Bronzene Armreifen</marc:subfield>
          </marc:datafield>
          <marc:datafield tag="655" ind1=" " ind2="7">
            <marc:subfield code="a">Archäologie</marc:subfield>
          </marc:datafield>
          <marc:datafield tag="046" ind1=" " ind2=" ">
            <marc:subfield code="k">-0599</marc:subfield>
            <marc:subfield code="k">ca. 600 v. Chr. - ca. 400 v. Chr.</marc:subfield>
            <marc:subfield code="l">-0399</marc:subfield>
          </marc:datafield>
          <marc:datafield tag="260" ind1=" " ind2=" ">
            <marc:subfield code="g">-0599</marc:subfield>
            <marc:subfield code="g">-0399</marc:subfield>
            <marc:subfield code="g">ca. 600 v. Chr. - ca. 400 v. Chr.</marc:subfield>
          </marc:datafield>
          <marc:datafield tag="300" ind1=" " ind2=" ">
            <marc:subfield code="a">Breite: 2,1 cm (zerbrochener Armreif)
Durchmesser: 5,3 cm (unzerbrochener Armreif)
Breite: 1,9 cm (unzerbrochener Armreif)</marc:subfield>
          </marc:datafield>
          <marc:datafield tag="520" ind1=" " ind2=" ">
            <marc:subfield code="a">Diese beiden aus dünnem Bronzeblech hergestellten Armreifen stammen aus einem Kindergrab der vorrömischen Eisenzeit. Bei dem unzerbrochenen Exemplar (Durchmesser ca. 5,3 cm; Breite max. 1,9 cm) ist das Blech an einem Ende umgebördelt, während sich am anderen Ende zwei Löcher befinden. Das zweite Exemplar (Breite max. 2,1 cm) besteht aus zwei zusammengehörigen Hälften. Offenbar war das Schmuckstück bereits in alter Zeit zerbrochen. Die Löcher an den Enden dienten vermutlich zur Aufnahme einer Schnur, durch die beide Hälften miteinander verbunden werden konnten. (Eichfeld 08/2020)

Beschrieben in:
A. Wallbrecht, „Der Grabhügel von Meinersen, Ldkr. Gifhorn : Besonderheiten eines 2500 Jahre alten Bestattungsplatzes. Begleitschrift zur Ausstellung Archäologie, Land, Niedersachsen“. Theiss, [Stuttgart], S. 324-326, 2004.</marc:subfield>
          </marc:datafield>
          <marc:datafield tag="650" ind1="1" ind2=" ">
            <marc:subfield code="a">Kleidung &gt; Accessoire, Zubehör &gt; Schmuck &gt; Schmuckreif</marc:subfield>
          </marc:datafield>
          <marc:datafield tag="773" ind1="0" ind2=" ">
            <marc:subfield code="t">Archäologische Sammlung</marc:subfield>
          </marc:datafield>
          <marc:datafield tag="852" ind1=" " ind2=" ">
            <marc:subfield code="a">Kreis- und Stadtarchäologie Gifhorn</marc:subfield>
          </marc:datafield>
          <marc:datafield tag="852" ind1=" " ind2=" ">
            <marc:subfield code="a">Meinersen</marc:subfield>
          </marc:datafield>
          <marc:datafield tag="852" ind1=" " ind2=" ">
            <marc:subfield code="a">Meinersen (Gifhorn, Niedersachsen)</marc:subfield>
          </marc:datafield>
          <marc:datafield tag="" ind1=" " ind2=" ">
            <marc:subfield code="a">Namensnennung - Weitergabe unter gleichen Bedingungen 4.0 International (CC BY-SA 4.0)</marc:subfield>
          </marc:datafield>
        </marc:record>
      </metadata>
    </record>
  </GetRecord>
</OAI-PMH>
